LEADER 01462nam a2200253 i 4500 001 000000088823 003 CaOOAMICUS 005 20250910153323.0 008 171204s2017 it u000 u ita u 040 $aSeMil$bita 110 2 $aCaritas Ambrosiana : Osservatorio diocesano delle povertà e delle risorse.$0(OLS)http://semarc/name/60736 245 13$aLa fatica del fare comunità di cura :$bun'indagine presso i centri di ascolto della Caritas Ambrosiana : sedicesimo rapporto sulle povertà nella diocesi di Milano /$cCaritas Ambrosiana, Osservatorio diocesano delle povertà e delle risorse. 260 $a[S.l.] :$bFondazione Luigi Moneta,$cstampa 2017. 300 $a125 p. :$bgrafici, tabelle ;$c21 cm. 490 1 $aQuaderni Caritas 650 4$aMilano (Arcidiocesi) - Povertà - Statistiche.$0(OLS)http://semarc/subject/21277 650 4$aCaritas - Centri di ascolto.$0(OLS)http://semarc/subject/16493 830 0$aQuaderni Caritas.$0(OLS)http://semarc/title/18667 850 $aSeMil 852 $aSeMil$W1$xVenegono$y1$m3YY II 4/16$j261682$B52028$CSeMilBibl$Z2$F56423 $81 961 $aOmaggio: Braccini Annamaria 996 $6245$aLa fatica del fare comunità di cura :$bun'indagine presso i centri di ascolto della Caritas Ambrosiana : sedicesimo rapporto sulle povertà nella diocesi di Milano$9(OLS)http://semarc/title/405981 996 $6260$a[S.l.] :$bFondazione Luigi Moneta$9(OLS)http://semarc/publisher/56811 LEADER 00966nam a2200241 i 4500 001 000000127758 003 CaOOAMICUS 005 20040629000000.0 008 040629s1959 it u000 u ita u 013 $a100472 040 $aSeMil$bita 100 1 $aDulles, Avery,$c.$0(OLS)http://semarc/name/90465 240 12$aA testimonial to grace.$0(OLS)http://semarc/title/188617 245 10$aHo scelto la verità /$cP. Avery Dulles S. J. 260 $aMilano :$bMassimo,$c1959. 300 $a158 p. ;$c19 cm. 650 4$aAutobiografie.$0(OLS)http://semarc/subject/2396 650 4$aConversione religiosa - Biografie.$0(OLS)http://semarc/subject/2354 850 $aSeMil 852 $aSeMil$W1$xVenegono$y1$m76 2 7 *$j82023$B82023$CSeMilBibl$Z2$F86368 $81 961 $aLascito: Zurleni Domenico 996 $6245$aHo scelto la verità$9(OLS)http://semarc/title/188616 996 $6260$aMilano :$bMassimo$9(OLS)http://semarc/publisher/30297